[Event "FRA-chT U18"]
[Site "France"]
[Date "1996.??.??"]
[Round "?"]
[White "Roy, Yann"]
[Black "Bourgogne, Fabrice"]
[Result "1-0"]
[WhiteElo "1850"]
[BlackElo "2050"]
[PlyCount "61"]
[EventDate "1996.??.??"]
[EventType "team"]
[EventRounds "11"]
[EventCountry "FRA"]
[SourceTitle "EXT 2004"]
[Source "ChessBase"]
[SourceDate "2003.11.25"]
[SourceVersion "1"]
[SourceVersionDate "2003.11.25"]
[SourceQuality "1"]

1. e4 c5 2. Nf3 d6 3. d4 cxd4 4. Nxd4 Nf6 5. Nc3 a6 6. Be2 e6 7. Be3 Be7 8. 0-0 0-0 9. f4 Qc7 10. g4 b5 11. g5 Ne8 12. a3 Nd7 13. f5 Ne5 14. Qe1 Rb8 15. Qg3 b4 16. axb4 Rxb4 17. Bxa6 Bd7 18. Rab1 Qb8 19. b3 Nc7 20. Be2 Qb7 21. f6 Bd8 22. fxg7 Kxg7 23. Qh4 Na6 24. Nf3 Ng6 25. Qh6+ Kg8 26. Nh4 Ne5 27. Bh5 Bb6 28. Bxb6 Qxb6+ 29. Rf2 Qe3 30. Nf5 exf5 31. Nd5 1-0